scared of my guitar lyrics - Statistics

General Stats
  • This quiz has been taken 59 times
  • The average score is 394 of 426
Answer Stats
Hint Answer % Correct
a
100%
can't
100%
guitar
100%
I
100%
I'll
100%
I'm
100%
my
100%
of
100%
scared
100%
so
100%
So
100%
that
100%
the
100%
The
100%
and
97%
be
97%
'Cause
97%
'cause
97%
hard
97%
heart
97%
If
97%
if
97%
in
97%
it
97%
It
97%
it's
97%
know
97%
knows
97%
lie
97%
me
97%
right
97%
right?
97%
same
97%
then
97%
to
97%
too
97%
way
97%
you?
97%
you
97%
your
97%
cuts
94%
excuse
94%
I've
94%
love
94%
Bridge Love
94%
never
94%
no
94%
play
94%
pretend
94%
thought
94%
through
94%
well
94%
we'll
94%
when
94%
When
94%
arms
91%
But
91%
felt
91%
got
91%
lay
91%
Once
91%
there
91%
what
91%
Yeah
91%
all
89%
already
89%
as
89%
As
89%
find
89%
let
89%
myself
89%
say
89%
somethin'
89%
tell
89%
think
89%
done
86%
else
86%
good
86%
next
86%
shape
86%
sleep
86%
time
86%
Pre-Chorus Barely
83%
confused
83%
Distract
83%
easy
83%
fine
83%
gut
83%
happy
83%
I'd
83%
is
83%
Verse 1 Perfect
83%
was
83%
why's
83%
cure
80%
just
80%
like
80%
Maybe
80%
maybe
80%
mind
80%
Chorus Oh
80%
they
80%
thinkin'
80%
always
77%
better?
77%
ever
77%
keep
77%
not
77%
anything
74%
could
74%
creeps
74%
doubt
74%
how
74%
pit
74%
someone
74%
sure
74%
for
71%
have
71%
light
71%
make
71%
nerve
71%
overwhelmed
71%
stay
71%
that's
71%
them
71%
watch
71%
along
69%
away
69%
claim
69%
excuses
69%
fade
69%
half
69%
they're
69%
tied
69%
together
69%
truth
69%
what's
69%
alright
66%
decent
66%
even
66%
friends
66%
noble
66%
rather
66%
stop
66%
wrong
66%
brave
63%
stringin'
63%
Trade
63%
enough
54%
No matching quizzes found
Score Distribution
Percent of People with Each Score
Percentile by Number Answered
Your Score History
You have not taken this quiz